Периодическая система элементов Д. И. Менделеева сегодня; Высшее образование сегодня; № 7

Bibliographic Details
Parent link:Высшее образование сегодня: научно-практический журнал.— , 2001-.— 1726-667X
№ 7.— 2003.— С. 36-39
Main Author: Сайфуллин Р. С.
Other Authors: Сайфуллин А. Р.
Summary:Высшее образование в документах: Журнал в журнале
Language:Russian
Published: 2003
Series:Научные сообщения
Subjects:
Format: Book Chapter
KOHA link:https://koha.lib.tpu.ru/cgi-bin/koha/opac-detail.pl?biblionumber=390137

MARC

LEADER 00000naa2a2200000 4500
001 390137
005 20231101063935.0
035 |a (RuTPU)RU\TPU\prd\22914 
090 |a 390137 
100 |a 20040218a2003 k y0rusy50 ca 
101 0 |a rus 
102 |a RU 
200 1 |a Периодическая система элементов Д. И. Менделеева сегодня  |f Р. С. Сайфуллин, А. Р. Сайфуллин 
225 1 |a Научные сообщения 
300 |a Высшее образование в документах: Журнал в журнале 
320 |a Библиогр.: 11 назв. 
461 1 |0 (RuTPU)RU\TPU\prd\1307  |x 1726-667X  |t Высшее образование сегодня  |o научно-практический журнал  |d 2001- 
463 1 |0 (RuTPU)RU\TPU\prd\17321  |t № 7  |v С. 36-39  |d 2003 
610 1 |a периодическая система 
610 1 |a современный вариант 
610 1 |a химические элементы 
610 1 |a таблицы 
700 1 |a Сайфуллин  |b Р. С. 
701 1 |a Сайфуллин  |b А. Р. 
801 1 |a RU  |b 63413507  |c 20040218  |g PSBO 
801 2 |a RU  |b 63413507  |c 20140729  |g RCR 
942 |c BK